000 01221cam a22003253a 4500
001 23188
003 BD-RjUL
005 20211209000913.0
008 140310q19691956xx 000 0 eng
035 _a(BD-RjUL)23253
040 _aDLC
_cDLC
_beng
041 _aeng
100 _aBeckett, samuel
_971470
245 0 0 _aWaiting for Godot /
_csamuel Beckett
260 _cc1956 [reprinting 1969]
_aLondon :
_bfaber & faber,
300 _a94 p. ;
_c18 cm.
500 _aSt. Matthew's Court, N.W., Washington, D.C., [1969?].
500 _aTitle devised by Library staff.
580 _aIn: Richard L. Coe Theater Programs Collection (Library of Congress).
655 7 _aTheater programs
_zWashington (D.C.)
_2rbgenr
_915713
655 7 _aTheater programs
_2rbgenr
_971474
700 1 _aSeelye, Mary-Averett,
_d1919-
_971472
700 1 _aBeckett, Samuel,
_d1906-1989.
_tEn attendant Godot.
_lEnglish.
_971473
710 2 _aTheatre Lobby (Organization : Washington, D.C.)
_915715
710 2 _aRichard L. Coe Theater Programs Collection (Library of Congress)
_5DLC
_915716
752 _aUnited States
_bDistrict of Columbia
_dWashington.
942 _2ddc
_cBK
999 _c23188
_d23188